[Event "FIDE World Bl Team Final"]
[Site "Almaty"]
[Date "2024.08.05"]
[Round "2.1"]
[White "Salimova, Nurgyul"]
[Black "Hou, Yifan"]
[Result "1/2-1/2"]
[WhiteElo "2412"]
[BlackElo "2633"]
[PlyCount "142"]
[EventDate "2024.08.05"]
[EventType "team-k.o. (blitz)"]
[EventRounds "4"]
[EventCountry "KAZ"]
[SourceTitle "CBM 221 Extra"]
[Source "ChessBase"]
[SourceDate "2024.09.30"]
[SourceVersion "1"]
[SourceVersionDate "2024.09.30"]
[SourceQuality "1"]
[WhiteTeam "GMHans.com"]
[BlackTeam "Wadim Rosenstein Team"]
[WhiteTeamCountry "USA"]
[BlackTeamCountry "GER"]

1. d4 e6 2. Nf3 Nf6 3. Bf4 b6 4. e3 Bb7 5. h3 c5 6. Nbd2 Nc6 7. c3 d5 8. Ne5 Nxe5 9. Bxe5 Nd7 10. Bg3 Be7 11. Bd3 0-0 12. Nf3 Qc8 13. Qe2 a5 14. 0-0 Ba6 15. Rfe1 Bxd3 16. Qxd3 c4 17. Qc2 f5 18. Nh2 Qc6 19. f3 Nf6 20. Be5 Bd6 21. Bxf6 Rxf6 22. f4 h6 23. g4 g5 24. gxf5 exf5 25. Kh1 gxf4 26. exf4 Bxf4 27. Nf3 Kh8 28. Rg1 Qe8 29. Rae1 Qh5 30. Qg2 Rg6 31. Qf1 Rag8 32. Rxg6 Qxg6 33. Re2 Qg3 34. Rf2 Be3 35. Re2 f4 36. Qg2 Qxg2+ 37. Rxg2 Rxg2 38. Kxg2 Bc1 39. b3 cxb3 40. axb3 Bb2 41. Nh4 Bxc3 42. Ng6+ Kg7 43. Nxf4 Bxd4 44. Ne6+ Kf6 45. Nxd4 Ke5 46. Nc6+ Ke4 47. Kf2 Kd3 48. Kf3 d4 49. Ne5+ Kc3 50. Ke4 Kxb3 51. Kxd4 b5 52. Nd7 a4 53. Nc5+ Kb2 54. Nd3+ Kb3 55. Nc5+ Kc2 56. Na6 a3 57. Nb4+ Kb3 58. Kc5 a2 59. Nxa2 Kxa2 60. Kxb5 Kb3 61. Kc5 Kc3 62. Kd5 Kd3 63. Ke5 Ke3 64. Kf5 Kd4 65. h4 Kd5 66. h5 Kd6 67. Kf6 Kd7 68. Kf7 Kd6 69. Kf8 Ke6 70. Kg7 Ke7 71. Kxh6 Kf6 1/2-1/2